Football - AFCON 2025 Teams - Statistics

General Stats
  • This quiz has been taken 48 times
  • The average score is 18 of 24
Answer Stats
Answer % Correct
Morocco
97%
Egypt
95%
Mali
92%
South Africa
92%
Algeria
90%
Ivory Coast
90%
Tunisia
90%
Nigeria
87%
Sudan
87%
Cameroon
82%
Senegal
82%
Angola
77%
Zambia
77%
Burkina Faso
74%
DR Congo
74%
Benin
72%
Tanzania
69%
Zimbabwe
67%
Botswana
64%
Gabon
62%
Comoros
59%
Equatorial Guinea
56%
Mozambique
56%
Uganda
56%
No matching quizzes found
Score Distribution
Percent of People with Each Score
Percentile by Number Answered
Your Score History
You have not taken this quiz